| 000 -LEADER |
| fixed length control field |
00631cam a2200181 i 4500 |
| 040 ## - CATALOGING SOURCE |
| Transcribing agency |
EYM |
| 082 ## - DEWEY DECIMAL CLASSIFICATION NUMBER |
| Classification number |
333 DAN 2016 C018 Or. |
| 100 1# - MAIN ENTRY--AUTHOR NAME |
| Personal name |
Đặng, Kim Sơn, |
| 245 10 - TITLE STATEMENT |
| Title |
Agricultural policy and institutional reforms in Vietnam : |
| Remainder of title |
experiences, impacts, and lessons / |
| 250 ## - EDITION STATEMENT |
| Edition statement |
2nd edition. |
| 300 ## - PHYSICAL DESCRIPTION |
| Number of Pages |
xvii, 89 pages ; |
| Dimensions |
26 cm. |
| 490 0# - SERIES STATEMENT |
| Series statement |
Southeast Asian agriculture and development primer series, |
| 650 #0 - SUBJECT ADDED ENTRY--TOPICAL TERM |
| Topical Term |
Agriculture and state |
| 650 #0 - SUBJECT ADDED ENTRY--TOPICAL TERM |
| Topical Term |
Agriculture and state |
| 650 #0 - SUBJECT ADDED ENTRY--TOPICAL TERM |
| Topical Term |
Agricultural innovations |
| 710 2# - ADDED ENTRY--CORPORATE NAME |
| Corporate name or jurisdiction name as entry element |
SEAMEO Regional Center for Graduate Study and Research in Agriculture, |
| 942 ## - ADDED ENTRY ELEMENTS (KOHA) |
| Koha item type |
ADB |
| 952 ## - LOCATION AND ITEM INFORMATION (KOHA) |
| Withdrawn status [LOCAL, KOHA] |
0 |